Lašské tance = Lachische Tänze = Lachian dances = Danses de Lachie /

Bibliographic Details
Main Author: Janáček, Leoš, 1854-1928
Other Authors: Máslo, Jindřich
Format: Musical Score Book
Published: Praha : Editio Supraphon, 1985
Edition:2. vyd. v Supraphonu.
Subjects:

MARC

Tag First Indicator Second Indicator Subfields
LEADER 00000ccm a2200000 a 4500
001 in00001402290
005 20151020054128.0
008 901227t19851929cs muz n N/A d
019 |a 26276220 
028 2 2 |a H 6065  |b Editio Supraphon 
035 |a (OCoLC)22901681 
035 |9 AHN0476AM 
040 |a WYU  |c WYU  |d OCL  |d PUL  |d TXA  |d UtOrBLW 
043 |a e-cs--- 
045 0 |b 1889 
047 |a df  |a fm 
048 |a ka01 
049 |a TXAM 
090 |a M35.J18  |b L3 1985 
100 1 |a Janáček, Leoš,  |d 1854-1928. 
240 1 0 |a Lašské tance;  |o arranged 
245 1 0 |a Lašské tance =  |b Lachische Tänze = Lachian dances = Danses de Lachie /  |c Leoš Janáček ; piano arrangement, Jindřich Máslo. 
246 3 0 |a Lachische Tanze 
246 3 0 |a Lachian dances 
246 3 0 |a Danses de Lachie 
250 |a 2. vyd. v Supraphonu. 
264 1 |a Praha :  |b Editio Supraphon,  |c 1985 
264 4 |c ©1929 
300 |a 30 pages of music ;  |c 31 cm. 
336 |a notated music  |b ntm  |2 rdacontent 
337 |a unmediated  |b n  |2 rdamedia 
338 |a volume  |b nc  |2 rdacarrier 
500 |a Originally for orchestra. 
505 0 |a Starodávný I -- Požehnaný -- Dymák -- Starodávný II -- Čeladenský -- Pilky. 
650 0 |a Piano music, Arranged. 
650 0 |a Folk music  |z Czech Republic  |z Moravia. 
650 0 |a Folk dance music  |z Czech Republic  |z Moravia. 
700 1 |a Máslo, Jindřich. 
948 |a c:jlg 
999 |a MARS 
999 f f |s eb2e7221-6ecc-3181-98c5-6ff1b00c1c7b  |i 18b83bc6-18e1-31f2-a442-a628e65273c6  |t 0 
952 f f |p ric  |a Texas A&M University  |b Rellis Campus  |c Joint Library Facility  |d Remote Storage  |t 0  |e M35.J18 L3 1985  |h Library of Congress classification  |i unmediated -- volume  |m A14822126942 
998 f f |a M35.J18 L3 1985  |t 0  |l Remote Storage